| 000 | 00972nam a22002771 4500 | ||
|---|---|---|---|
| 001 | 29721 | ||
| 003 | BD-RjUL | ||
| 005 | 20211209051441.0 | ||
| 008 | 140407s1951 sa ab 000 0 eng | ||
| 035 | _a(BD-RjUL)29806 | ||
| 035 | _a(OCoLC)4985938 | ||
| 040 |
_aDLC _cMNS _dMNS _dDLC _dBD-RjUL _beng |
||
| 041 | _aeng | ||
| 082 | 0 | 0 |
_a309.1684 _bUNA 1951 |
| 110 | 2 |
_aUniversity of Natal. _bDepartment of Economics. _990497 |
|
| 245 | 1 | 0 | _aArchaeology and natural resources of Natal. |
| 260 |
_aCape Town ; _aNew York : _bPublished for the University of Natal by Oxford University Press, _c1951. |
||
| 300 |
_axi, 140 p. : _billus., maps (part fold.) tables. ; _c22 cm. |
||
| 490 | 0 |
_aNatal regional survey, _vv. 1 |
|
| 504 | _aBibliographical footnotes. | ||
| 650 | 0 |
_aNatural resources _zSouth Africa _zKwaZulu-Natal. _990498 |
|
| 651 | 0 |
_aKwaZulu-Natal (South Africa) _xAntiquities. _990499 |
|
| 942 |
_2ddc _cBK |
||
| 999 |
_c29721 _d29721 |
||